[Event "Skopje MKD"]
[Site "Skopje MKD"]
[Date "2014.04.01"]
[Round "5.20"]
[White "Jumabayev, Rinat"]
[Black "Petrisor, Adrian Marian"]
[Result "1-0"]
[WhiteElo "2580"]
[BlackElo "2406"]
[PlyCount "75"]
[EventDate "2014.03.29"]
[EventType "swiss"]
[EventRounds "9"]

1. Nf3 Nf6 2. c4 e6 3. g3 d5 4. Bg2 Be7 5. O-O O-O 6. d4 c6 7. Qc2 Nbd7 8. Nbd2
b6 9. e4 dxe4 10. Nxe4 Nxe4 11. Qxe4 Bb7 12. Rd1 Qc8 13. Qc2 Rd8 14. Bf4 h6 15.
a3 a5 16. h4 Bf8 17. Bh3 a4 18. Qe2 Re8 19. Re1 Ra5 20. Rad1 Qa8 21. Bg2 Rd8
22. c5 Qc8 23. cxb6 Nxb6 24. Ne5 Nd5 25. Bd2 Rb5 26. Bc1 Rb3 27. Qc4 Nb6 28.
Qc2 Nd5 29. Nd3 Ba6 30. Nc5 Bxc5 31. dxc5 Qb8 32. Rd4 Bb5 33. Bxh6 gxh6 34.
Rg4+ Kf8 35. Qh7 Ke7 36. Rxe6+ Kxe6 37. Re4+ Qe5 38. Bh3+ 1-0

[Event "Skopje MKD"]
[Site "Skopje MKD"]
[Date "2014.04.01"]
[Round "5.21"]
[White "Parligras, Mircea Emilian"]
[Black "Nestorovic, Lazar"]
[Result "1-0"]
[WhiteElo "2572"]
[BlackElo "2381"]
[PlyCount "73"]
[EventDate "2014.03.29"]
[EventType "swiss"]
[EventRounds "9"]

1. d4 Nf6 2. c4 g6 3. Nc3 Bg7 4. e4 d6 5. f3 O-O 6. Be3 e5 7. Nge2 c6 8. Qd2
Nbd7 9. d5 cxd5 10. cxd5 a6 11. g4 b5 12. Ng3 Nc5 13. b4 Na4 14. Nxa4 bxa4 15.
h4 Bxg4 16. fxg4 Nxg4 17. Be2 Nxe3 18. Qxe3 f5 19. exf5 e4 20. Rc1 gxf5 21. Nh5
Be5 22. Qg5+ Kh8 23. Qxd8 Raxd8 24. Rc4 f4 25. Bg4 a5 26. Ke2 Rg8 27. Bh3 Rb8
28. Rb1 axb4 29. Rbxb4 f3+ 30. Kf2 Rbf8 31. Rxe4 Bh2 32. Bg4 a3 33. Rb3 Be5 34.
Rxa3 Rb8 35. Rb3 Ra8 36. a4 Ra5 37. Rb5 1-0

[Event "Skopje MKD"]
[Site "Skopje MKD"]
[Date "2014.04.01"]
[Round "5.22"]
[White "Cabrilo, Goran"]
[Black "Kuljasevic, Davorin"]
[Result "1/2-1/2"]
[WhiteElo "2406"]
[BlackElo "2567"]
[PlyCount "37"]
[EventDate "2014.03.29"]
[EventType "swiss"]
[EventRounds "9"]

1. e4 e5 2. Nf3 Nc6 3. Bb5 a6 4. Ba4 Nf6 5. O-O Be7 6. Qe2 b5 7. Bb3 O-O 8. c3
d5 9. d3 Re8 10. Rd1 Bb7 11. Nbd2 Bf8 12. a3 Nb8 13. Nf1 Nbd7 14. Bg5 h6 15.
Bh4 c6 16. Ne3 Qc7 17. Nd2 dxe4 18. dxe4 Nh7 19. Ba2 1/2-1/2

[Event "Skopje MKD"]
[Site "Skopje MKD"]
[Date "2014.04.01"]
[Round "5.23"]
[White "Posedaru, Bogdan Stefan"]
[Black "Djukic, Nikola"]
[Result "1/2-1/2"]
[WhiteElo "2381"]
[BlackElo "2551"]
[PlyCount "37"]
[EventDate "2014.03.29"]
[EventType "swiss"]
[EventRounds "9"]

1. d4 Nf6 2. c4 g6 3. Nc3 Bg7 4. e4 d6 5. f3 O-O 6. Be3 a6 7. Qd2 Nbd7 8. Nge2
c5 9. Rd1 b6 10. Nc1 cxd4 11. Bxd4 Bb7 12. Nb3 Rc8 13. Nd5 Ne8 14. Be2 Nc5 15.
O-O e6 16. Nc3 Qc7 17. Be3 Rd8 18. Rc1 Kh8 19. Rfd1 1/2-1/2

[Event "Skopje MKD"]
[Site "Skopje MKD"]
[Date "2014.04.01"]
[Round "5.24"]
[White "Savic, Miodrag R"]
[Black "Ali Marandi, Cemil Can"]
[Result "1/2-1/2"]
[WhiteElo "2536"]
[BlackElo "2380"]
[PlyCount "70"]
[EventDate "2014.03.29"]
[EventType "swiss"]
[EventRounds "9"]

1. e4 e6 2. d4 d5 3. Nd2 c5 4. Ngf3 Nf6 5. exd5 exd5 6. Bb5+ Bd7 7. Bxd7+ Nbxd7
8. O-O Be7 9. dxc5 Nxc5 10. Nb3 Nce4 11. Nfd4 Qd7 12. Qf3 O-O 13. Nf5 Bd8 14.
Be3 Rc8 15. c3 a5 16. Rad1 a4 17. Nd2 Nd6 18. Nxd6 Qxd6 19. Bd4 a3 20. Rb1 Bb6
21. Bxf6 Qxf6 22. bxa3 Qxf3 23. Nxf3 Ba5 24. Rxb7 Bxc3 25. Rd1 d4 26. Rd7 Rfd8
27. Rxd8+ Rxd8 28. Kf1 g6 29. Nd2 Rb8 30. Nb3 Ra8 31. Rd3 Bb2 32. Rd2 Bc3 33.
Rd3 Bb2 34. Nd2 Bxa3 35. Rxd4 Bb2 1/2-1/2

[Event "Skopje MKD"]
[Site "Skopje MKD"]
[Date "2014.04.01"]
[Round "5.25"]
[White "Blagojevic, Dragisa"]
[Black "Tomazini, Zan"]
[Result "1-0"]
[WhiteElo "2517"]
[BlackElo "2286"]
[PlyCount "89"]
[EventDate "2014.03.29"]
[EventType "swiss"]
[EventRounds "9"]

1. d4 Nf6 2. c4 g6 3. Nf3 Bg7 4. g3 c5 5. Bg2 cxd4 6. Nxd4 O-O 7. Nc3 Qc7 8.
Nd5 Nxd5 9. cxd5 Qa5+ 10. Bd2 Qb6 11. Bc3 e5 12. Nb3 d6 13. O-O Bd7 14. Ba5 Qa6
15. Qd2 Bb5 16. Rfe1 Nd7 17. Bb4 Nb6 18. Na5 Nc4 19. Nxc4 Bxc4 20. b3 Bb5 21.
a4 Bd7 22. e3 Rfc8 23. Bf1 Qb6 24. a5 Qc7 25. Rac1 Qb8 26. Rxc8+ Bxc8 27. Rc1
Bf8 28. Qc3 Bf5 29. Bd3 e4 30. Be2 Qe8 31. Qf6 Qe7 32. Qxe7 Bxe7 33. Rc7 Bd8
34. Rc4 Rc8 35. g4 Rxc4 36. bxc4 Bc8 37. g5 Kf8 38. Bxd6+ Ke8 39. a6 bxa6 40.
h4 Ba5 41. Bc5 Bb7 42. Bd1 Bc3 43. Bxa7 a5 44. Ba4+ Kd8 45. d6 1-0

[Event "Skopje MKD"]
[Site "Skopje MKD"]
[Date "2014.04.01"]
[Round "5.26"]
[White "Semcesen, Daniel"]
[Black "Maier, Christian"]
[Result "1-0"]
[WhiteElo "2502"]
[BlackElo "2376"]
[PlyCount "73"]
[EventDate "2014.03.29"]
[EventType "swiss"]
[EventRounds "9"]

1. d4 Nf6 2. c4 g6 3. Nc3 Bg7 4. e4 d6 5. h3 O-O 6. Nf3 Nbd7 7. Bg5 c5 8. d5 a6
9. a4 Re8 10. Bd3 e6 11. O-O exd5 12. exd5 h6 13. Bf4 Ne5 14. Nxe5 dxe5 15. Be3
b6 16. Qd2 Kh7 17. a5 Bd7 18. axb6 Qxb6 19. b4 Bf8 20. Na4 Bxa4 21. Rxa4 e4 22.
Be2 Nd7 23. Rfa1 Qb7 24. d6 Qc6 25. b5 axb5 26. cxb5 Qb7 27. Ra6 Rad8 28. Qa2
Kg7 29. Bc4 f5 30. Rd1 Kh8 31. Bf7 Qxb5 32. Bxe8 Rxe8 33. Ra5 Qc6 34. Ra7 Ne5
35. Rc7 Qb6 36. Bxc5 Qb8 37. Qd5 1-0

[Event "Skopje MKD"]
[Site "Skopje MKD"]
[Date "2014.04.01"]
[Round "5.27"]
[White "Radovanovic, Dusan"]
[Black "Henrichs, Thomas"]
[Result "0-1"]
[WhiteElo "2379"]
[BlackElo "2496"]
[PlyCount "47"]
[EventDate "2014.03.29"]
[EventType "swiss"]
[EventRounds "9"]

1. e4 c5 2. Nf3 d6 3. d4 cxd4 4. Nxd4 Nf6 5. Nc3 a6 6. Qf3 g6 7. h3 Bg7 8. Be3
O-O 9. O-O-O Nc6 10. Nxc6 bxc6 11. e5 Nd5 12. Nxd5 cxd5 13. exd6 Rb8 14. c3 e6
15. Ba7 Rb7 16. Qe3 Qa5 17. a3 Bd7 18. f4 Rc8 19. Bd4 Rcb8 20. b4 Qxa3+ 21. Kd2
Bxd4 22. Qxd4 Ba4 23. Bxa6 Qa2+ 24. Ke3 0-1

[Event "Skopje MKD"]
[Site "Skopje MKD"]
[Date "2014.04.01"]
[Round "5.28"]
[White "Bulmaga, Irina"]
[Black "Colovic, Aleksandar"]
[Result "0-1"]
[WhiteElo "2375"]
[BlackElo "2493"]
[PlyCount "80"]
[EventDate "2014.03.29"]
[EventType "swiss"]
[EventRounds "9"]

1. e4 c5 2. Nf3 d6 3. d4 cxd4 4. Nxd4 Nf6 5. Nc3 a6 6. Be3 e5 7. Nb3 Be7 8. f3
Be6 9. Qd2 O-O 10. O-O-O a5 11. Qe1 Qc8 12. a3 a4 13. Nd2 Qc7 14. g4 Rc8 15. g5
Nh5 16. Bd3 Ra5 17. Nf1 Nf4 18. Bxf4 exf4 19. Nd5 Bxd5 20. exd5 Bxg5 21. Qe4 g6
22. h4 Bf6 23. h5 Nd7 24. hxg6 hxg6 25. Rh2 Qb6 26. c3 Nc5 27. Qxf4 Be5 28. Qg4
Nxd3+ 29. Rxd3 Rac5 30. Re2 Qb5 31. Ree3 Rc4 32. Qg2 Bf4 33. Nd2 Bxe3 34. Rxe3
Rf4 35. Qg3 Rf5 36. c4 Rxc4+ 37. Nxc4 Qxc4+ 38. Rc3 Qf1+ 39. Kc2 Rxd5 40. Rc8+
Kg7 0-1

[Event "Skopje MKD"]
[Site "Skopje MKD"]
[Date "2014.04.01"]
[Round "5.29"]
[White "Ozturk, Kubra"]
[Black "Kadric, Denis"]
[Result "1/2-1/2"]
[WhiteElo "2288"]
[BlackElo "2485"]
[PlyCount "95"]
[EventDate "2014.03.29"]
[EventType "swiss"]
[EventRounds "9"]

1. Nf3 d6 2. d4 g6 3. c4 f5 4. g3 Nf6 5. Bg2 Bg7 6. O-O O-O 7. Nc3 Qe8 8. Nd5
Nxd5 9. cxd5 Nd7 10. Qb3 Nb6 11. Be3 e6 12. dxe6 Bxe6 13. Qc2 Nd5 14. Bd2 h6
15. e4 fxe4 16. Qxe4 Bf7 17. Qd3 c6 18. Rfe1 Qd7 19. Nh4 Kh7 20. Re2 Rae8 21.
Rae1 Rxe2 22. Rxe2 Re8 23. Be4 Ne7 24. Qf3 Bd5 25. Qd3 Bf7 26. Qf3 Kg8 27. Bc2
g5 28. Qd3 Kf8 29. Ng2 Nd5 30. Rxe8+ Qxe8 31. h4 Qe7 32. hxg5 hxg5 33. Ne3 Nxe3
34. Bxe3 Qf6 35. a4 Bd5 36. Qf5 Qxf5 37. Bxf5 Bb3 38. a5 b6 39. Be4 c5 40. axb6
axb6 41. Kf1 d5 42. Bf5 Bf6 43. dxc5 d4 44. c6 dxe3 45. c7 Bc4+ 46. Ke1 exf2+
47. Kxf2 Ba6 48. b3 1/2-1/2

[Event "Skopje MKD"]
[Site "Skopje MKD"]
[Date "2014.04.01"]
[Round "5.30"]
[White "Davletbayeva, Madina"]
[Black "Georgescu, Tiberiu"]
[Result "0-1"]
[WhiteElo "2284"]
[BlackElo "2468"]
[PlyCount "110"]
[EventDate "2014.03.29"]
[EventType "swiss"]
[EventRounds "9"]

1. e4 e5 2. Nf3 Nc6 3. Bb5 Nf6 4. O-O Nxe4 5. d4 Nd6 6. Bxc6 dxc6 7. dxe5 Nf5
8. Qxd8+ Kxd8 9. Nc3 Ke8 10. h3 h5 11. b3 Be7 12. Ne4 c5 13. Bb2 Be6 14. Nfg5
Bd5 15. Rfe1 Bxg5 16. Nxg5 Ke7 17. c4 Bc6 18. Red1 Rad8 19. Bc3 h4 20. f3 Rxd1+
21. Rxd1 Rh5 22. Bd2 a5 23. Kf2 b6 24. Bc1 a4 25. Rd3 Rh8 26. bxa4 Ra8 27. Ra3
Rxa4 28. Rxa4 Bxa4 29. Ne4 Bc2 30. Nd2 Ke6 31. f4 Bd3 32. Kf3 Bc2 33. Kf2 Ba4
34. Nf1 Bc6 35. Bb2 Be4 36. Nd2 Bb7 37. Nf1 Ne7 38. Ne3 Ba6 39. Kf3 Nf5 40. Nd5
Bxc4 41. Nc3 Bd5+ 42. Kg4 g6 43. Kg5 Bxg2 44. Nb5 Bc6 45. Nxc7+ Kd7 46. e6+
fxe6 47. Be5 Ne7 48. Kf6 Nd5+ 49. Nxd5 Bxd5 50. a3 Be4 51. Kg5 Kc6 52. Kxh4 Kb5
53. Kg3 Ka4 54. Bc7 b5 55. Bd6 b4 0-1

[Event "Skopje MKD"]
[Site "Skopje MKD"]
[Date "2014.04.01"]
[Round "5.31"]
[White "Fier, Alexandr Hilario T"]
[Black "Klasan, Vladimir"]
[Result "1-0"]
[WhiteElo "2595"]
[BlackElo "2345"]
[PlyCount "81"]
[EventDate "2014.03.29"]
[EventType "swiss"]
[EventRounds "9"]

1. e4 c5 2. Nf3 d6 3. d4 cxd4 4. Nxd4 Nf6 5. Nc3 Nc6 6. Bg5 e6 7. Qd2 a6 8.
O-O-O h6 9. Be3 Be7 10. f3 Nxd4 11. Bxd4 e5 12. Be3 Be6 13. Nd5 Bxd5 14. exd5
Nd7 15. g3 Bg5 16. f4 Bf6 17. Kb1 O-O 18. Bd3 Qc7 19. Rhf1 Nc5 20. Bf5 Rfe8 21.
c3 Re7 22. fxe5 Rxe5 23. Bc2 Rae8 24. Bxc5 Qxc5 25. Qd3 Kf8 26. a3 Re2 27. Qh7
R8e5 28. Qh8+ Ke7 29. Qb8 Qb6 30. Rf4 Rxc2 31. Rb4 Qxb4 32. axb4 Ree2 33. Qxb7+
Kd8 34. Ka2 Rxb2+ 35. Ka3 Ra2+ 36. Kb3 Rab2+ 37. Kc4 Re4+ 38. Kd3 Rbe2 39. Qb6+
Kd7 40. Ra1 Bg5 41. Rxa6 1-0

[Event "Skopje MKD"]
[Site "Skopje MKD"]
[Date "2014.04.01"]
[Round "5.32"]
[White "Grigoriants, Sergey"]
[Black "Nikolova, Adriana"]
[Result "1-0"]
[WhiteElo "2574"]
[BlackElo "2341"]
[PlyCount "54"]
[EventDate "2014.03.29"]
[EventType "swiss"]
[EventRounds "9"]

1. c4 e5 2. Nc3 Nc6 3. g3 Bb4 4. Nd5 Nge7 5. Bg2 Nxd5 6. cxd5 Ne7 7. Nf3 Bd6 8.
e4 c6 9. d4 cxd5 10. dxe5 Bb4+ 11. Bd2 Bxd2+ 12. Nxd2 dxe4 13. Nc4 O-O 14. Bxe4
Nc6 15. O-O b5 16. Nd6 Rb8 17. f4 Qb6+ 18. Rf2 g6 19. Qd2 Bb7 20. Rd1 Na5 21.
Bxb7 Nxb7 22. Ne4 Kg7 23. f5 h6 24. fxg6 Qxg6 25. Rf6 Qh5 26. Rdf1 Qxe5 27.
Qxh6+ Kg8 1-0

[Event "Skopje MKD"]
[Site "Skopje MKD"]
[Date "2014.04.01"]
[Round "5.33"]
[White "Salem, Aylem"]
[Black "Yildiz, Betul Cemre"]
[Result "1-0"]
[WhiteElo "2558"]
[BlackElo "2337"]
[PlyCount "61"]
[EventDate "2014.03.29"]
[EventType "swiss"]
[EventRounds "9"]

1. d4 d5 2. Nf3 Nf6 3. c4 dxc4 4. e3 e6 5. Bxc4 c5 6. O-O a6 7. a4 Nc6 8. Qe2
Be7 9. Rd1 Qc7 10. Nc3 O-O 11. Bd2 Rd8 12. dxc5 Bxc5 13. Rac1 Qe7 14. h3 Nd7
15. Ne4 Bb4 16. Bxb4 Qxb4 17. Nd4 Nde5 18. Nxc6 Rxd1+ 19. Rxd1 Nxc6 20. b3 Qe7
21. Qd2 b6 22. Nd6 Bb7 23. Nxb7 Qxb7 24. Be2 Qe7 25. Qd6 Qe8 26. Rc1 Ne7 27.
Qxb6 Rb8 28. Qxa6 Rxb3 29. Qc4 Ra3 30. Qc5 Ra2 31. Bc4 1-0

[Event "Skopje MKD"]
[Site "Skopje MKD"]
[Date "2014.04.01"]
[Round "5.34"]
[White "Emiroglu, Cankut"]
[Black "Can, Emre"]
[Result "1/2-1/2"]
[WhiteElo "2328"]
[BlackElo "2524"]
[PlyCount "50"]
[EventDate "2014.03.29"]
[EventType "swiss"]
[EventRounds "9"]

1. e4 g6 2. d4 Bg7 3. Nc3 d6 4. Be2 a6 5. a4 Nf6 6. Bg5 c5 7. e5 dxe5 8. dxe5
Nfd7 9. f4 Nc6 10. Nf3 f6 11. exf6 Nxf6 12. Qxd8+ Nxd8 13. O-O-O Be6 14. Bxf6
Bxf6 15. Ne4 Rc8 16. Nfg5 Bf5 17. Bc4 Bxg5 18. Nxg5 h6 19. Nf3 Rf8 20. Ne5 Nc6
21. Rhe1 Rc7 22. Nxc6 Rxc6 23. Re5 Bg4 24. Rde1 Rc7 25. g3 Rf6 1/2-1/2

[Event "Skopje MKD"]
[Site "Skopje MKD"]
[Date "2014.04.01"]
[Round "5.35"]
[White "Toth, Aleksandar"]
[Black "Baron, Tal"]
[Result "0-1"]
[WhiteElo "2306"]
[BlackElo "2513"]
[PlyCount "132"]
[EventDate "2014.03.29"]
[EventType "swiss"]
[EventRounds "9"]

1. e4 c5 2. Nf3 e6 3. d3 Nc6 4. g3 g6 5. Bg5 Qb6 6. Qc1 Bg7 7. c3 Nge7 8. Bg2
d6 9. Na3 O-O 10. O-O e5 11. Nc4 Qc7 12. a4 Be6 13. Bh6 Rad8 14. Bxg7 Kxg7 15.
Ne3 Na5 16. Ra3 Qb6 17. Ng5 Bc8 18. Kh1 f6 19. Nh3 d5 20. exd5 Bxh3 21. Bxh3
Nxd5 22. Nc4 Nxc4 23. dxc4 Ne7 24. Qc2 Rd6 25. Raa1 Rfd8 26. Rad1 a5 27. Rfe1
Qc7 28. Bg2 b6 29. Qe2 R8d7 30. Bf3 Qd8 31. Rxd6 Rxd6 32. Rd1 Kf7 33. Rxd6 Qxd6
34. Qd1 Qxd1+ 35. Bxd1 e4 36. f4 exf3 37. Bxf3 Nf5 38. Kg2 Ke6 39. Kf2 Ke5 40.
Bd5 Nd6 41. Ke3 h6 42. Kf3 f5 43. Ke3 g5 44. Kf3 Ne8 45. Ke3 Nf6 46. Bf3 h5 47.
h3 g4 48. hxg4 hxg4 49. Bc6 Nh5 50. Kf2 f4 51. gxf4+ Kxf4 52. b4 Nf6 53. bxa5
bxa5 54. Kg2 Ne4 55. Bd7 Nxc3 56. Bc6 Nd1 57. Bb5 Ne3+ 58. Kf2 Nf5 59. Bc6 g3+
60. Kg1 Ne3 61. Bb5 Ke5 62. Kh1 Kd4 63. Kg1 Kc3 64. Kh1 Kb4 65. Kg1 Nxc4 66.
Kg2 Na3 0-1

[Event "Skopje MKD"]
[Site "Skopje MKD"]
[Date "2014.04.01"]
[Round "5.36"]
[White "Marjanovic, Dejan"]
[Black "Nedev, Trajce"]
[Result "1/2-1/2"]
[WhiteElo "2313"]
[BlackElo "2504"]
[PlyCount "111"]
[EventDate "2014.03.29"]
[EventType "swiss"]
[EventRounds "9"]

1. Nf3 Nf6 2. c4 g6 3. Nc3 Bg7 4. d4 O-O 5. e4 d6 6. Be2 e5 7. d5 Nbd7 8. O-O
Nc5 9. Qc2 a5 10. b3 Nh5 11. g3 f5 12. exf5 Bxf5 13. Qd1 Bh3 14. Be3 Bxf1 15.
Kxf1 e4 16. Nd4 Nf6 17. a3 Qd7 18. Rc1 Bh6 19. Bxh6 Qh3+ 20. Kg1 Qxh6 21. Ncb5
Rf7 22. Rc3 Raf8 23. Ne6 Nxe6 24. dxe6 Re7 25. c5 d5 26. c6 b6 27. Nd4 Qg5 28.
Qc1 Qxc1+ 29. Rxc1 Ne8 30. Rd1 Ng7 31. Nb5 Rxe6 32. Nxc7 Rxc6 33. Nxd5 Kh8 34.
Ne3 Nf5 35. Nc4 Re8 36. a4 Kg7 37. Kg2 Kf6 38. g4 Nh4+ 39. Kg3 g5 40. Rd5 h6
41. Rb5 Ree6 42. Rd5 Ng6 43. Rf5+ Ke7 44. h3 Rf6 45. Rb5 Kd7 46. f3 Rxc4 47.
bxc4 Nf4 48. Kf2 e3+ 49. Kf1 Kc6 50. c5 bxc5 51. Rxa5 Kd5 52. Ra8 Rb6 53. Rd8+
Rd6 54. Rxd6+ Kxd6 55. Bc4 Kc6 56. a5 1/2-1/2

[Event "Skopje MKD"]
[Site "Skopje MKD"]
[Date "2014.04.01"]
[Round "5.37"]
[White "Dimic, Pavle"]
[Black "Franco Alonso, Alejandro"]
[Result "1/2-1/2"]
[WhiteElo "2293"]
[BlackElo "2489"]
[PlyCount "60"]
[EventDate "2014.03.29"]
[EventType "swiss"]
[EventRounds "9"]

1. d4 Nf6 2. c4 e6 3. Nc3 Bb4 4. e3 O-O 5. Nge2 d5 6. a3 Bd6 7. Ng3 Re8 8. Be2
b6 9. cxd5 exd5 10. b4 Bb7 11. O-O Nbd7 12. Qb3 a6 13. a4 c6 14. a5 b5 15. Bd2
h5 16. Nf5 Bb8 17. g3 Bc8 18. Bd3 Nf8 19. f3 Ne6 20. Rae1 g6 21. Nh4 Ra7 22.
Kh1 Bd6 23. Ne2 Nf8 24. Rc1 Rc7 25. Qd1 Bh3 26. Rf2 Qe7 27. Nf4 Bc8 28. Ne2 Bh3
29. Nf4 Bc8 30. Ne2 Bh3 1/2-1/2

[Event "Skopje MKD"]
[Site "Skopje MKD"]
[Date "2014.04.01"]
[Round "5.38"]
[White "Harika, Dronavalli"]
[Black "Atakisi, Umut"]
[Result "1/2-1/2"]
[WhiteElo "2487"]
[BlackElo "2340"]
[PlyCount "117"]
[EventDate "2014.03.29"]
[EventType "swiss"]
[EventRounds "9"]

1. d4 d5 2. c4 c6 3. Nf3 Nf6 4. Nc3 dxc4 5. a4 Bf5 6. Ne5 Nbd7 7. Nxc4 Qc7 8.
g3 e5 9. dxe5 Nxe5 10. Bf4 Nfd7 11. Bg2 f6 12. O-O Nc5 13. Ne3 Bg6 14. b4 Ne6
15. b5 Rd8 16. Qb3 Nd4 17. Qb2 Bc5 18. Ng4 O-O 19. Ne4 h5 20. Nxc5 hxg4 21.
Rfd1 cxb5 22. Nxb7 Qc2 23. Qxc2 Bxc2 24. Nxd8 Bxd1 25. Bd5+ Kh8 26. Rxd1 Nxe2+
27. Kf1 Nc3 28. Bxe5 fxe5 29. Ne6 Rf6 30. Rd3 Nxd5 31. Ng5 Ne7 32. Rd8+ Ng8 33.
axb5 Rb6 34. Rd5 a6 35. bxa6 Rxa6 36. Rxe5 Nf6 37. Rc5 Ra8 38. Rc4 Re8 39. Nf7+
Kh7 40. Nd6 Re5 41. Ra4 Kg6 42. Ra2 Rc5 43. Re2 Rc6 44. Nb5 Rc4 45. Na3 Ra4 46.
Re3 Rd4 47. Nc2 Rd2 48. Ne1 Kf5 49. Ng2 Rd1+ 50. Ke2 Rh1 51. Re7 Kg6 52. Nh4+
Kh7 53. Nf5 Nh5 54. Re4 Nf6 55. Re7 Nh5 56. Ne3 Rxh2 57. Nxg4 Nxg3+ 58. Kf3 Nf5
59. Rxg7+ 1/2-1/2

[Event "Skopje MKD"]
[Site "Skopje MKD"]
[Date "2014.04.01"]
[Round "5.39"]
[White "Firat, Burak"]
[Black "Dimitrov, Pavel"]
[Result "1/2-1/2"]
[WhiteElo "2480"]
[BlackElo "2333"]
[PlyCount "101"]
[EventDate "2014.03.29"]
[EventType "swiss"]
[EventRounds "9"]

1. e4 e5 2. Nf3 Nc6 3. Bb5 a6 4. Ba4 Nf6 5. O-O b5 6. Bb3 Be7 7. Re1 O-O 8. d4
d6 9. c3 exd4 10. cxd4 Bg4 11. Nc3 Na5 12. Bc2 c5 13. dxc5 dxc5 14. e5 Qxd1 15.
Rxd1 Nd7 16. Nd5 Bd8 17. Ne3 Bxf3 18. Rxd7 Bc6 19. Rd1 Bc7 20. f4 Rad8 21. Nf5
Rxd1+ 22. Bxd1 Be4 23. Ng3 Bb7 24. Be3 Rd8 25. Be2 c4 26. Kf2 g6 27. Rc1 h5 28.
Rd1 Rxd1 29. Bxd1 Kf8 30. Bc2 Ke7 31. Ne4 Bd5 32. Nc5 Nc6 33. Nxa6 Ba5 34. a3
g5 35. g3 gxf4 36. gxf4 f6 37. exf6+ Kxf6 38. Nc5 b4 39. axb4 Bxb4 40. Ne4+ Kf7
41. Nc3 Be6 42. Ne4 Bd5 43. Ng3 Be7 44. Be4 Bxe4 45. Nxe4 Ke6 46. Ke2 Bf8 47.
Kf3 Bg7 48. f5+ Kxf5 49. Nd6+ Ke6 50. Nxc4 Ne5+ 51. Nxe5 1/2-1/2

[Event "Skopje MKD"]
[Site "Skopje MKD"]
[Date "2014.04.01"]
[Round "5.40"]
[White "Antic, Dejan"]
[Black "Aharon, Ofir"]
[Result "1-0"]
[WhiteElo "2462"]
[BlackElo "2316"]
[PlyCount "136"]
[EventDate "2014.03.29"]
[EventType "swiss"]
[EventRounds "9"]

1. d4 Nf6 2. c4 g6 3. g3 Bg7 4. Bg2 d5 5. cxd5 Nxd5 6. Nf3 Nb6 7. Nc3 Nc6 8. e3
O-O 9. O-O Re8 10. a3 a5 11. d5 Bxc3 12. dxc6 Qxd1 13. Rxd1 Bg7 14. Nd4 Rb8 15.
Bd2 Nc4 16. Bc3 a4 17. Rac1 Bg4 18. Re1 e5 19. Nb5 bxc6 20. Nxc7 Rec8 21. Na6
Rb6 22. Nc5 Nxb2 23. h3 Bf5 24. g4 Nd3 25. gxf5 Nxc5 26. Red1 Nb3 27. Rc2 gxf5
28. Rd7 Rb5 29. Bb4 e4 30. Bf1 Rbb8 31. Bc4 c5 32. Bxf7+ Kf8 33. Be1 Rd8 34.
Be6 Rxd7 35. Bxd7 f4 36. Bxa4 fxe3 37. fxe3 Bh6 38. Kf2 Rb7 39. Rc4 Bg7 40. Bc6
Ra7 41. Bxe4 Rxa3 42. Bxh7 Ra2+ 43. Kf3 Ra1 44. Rf4+ Ke7 45. Bh4+ Kd6 46. Rg4
Bc3 47. Bg8 Nd2+ 48. Ke2 Kc6 49. Rg6+ Kb5 50. Bd5 Nc4 51. Rg8 Ra2+ 52. Kf3 Ne5+
53. Kf4 Ra6 54. Kf5 Nd7 55. Rg1 Rh6 56. Rg4 Rh5+ 57. Bg5 Rxh3 58. Bc4+ Kc6 59.
Re4 Rh8 60. Re6+ Kc7 61. Bf4+ Kd8 62. Rg6 Rf8+ 63. Ke4 Rh8 64. Bd6 Nf6+ 65. Kd3
Kd7 66. Bb5+ Ke6 67. Bxc5 Ke5 68. Kxc3 Rc8 1-0

[Event "Skopje MKD"]
[Site "Skopje MKD"]
[Date "2014.04.01"]
[Round "5.41"]
[White "Berescu, Alin Mile"]
[Black "Radovanovic, Nikola"]
[Result "1-0"]
[WhiteElo "2459"]
[BlackElo "2308"]
[PlyCount "85"]
[EventDate "2014.03.29"]
[EventType "swiss"]
[EventRounds "9"]

1. e4 c5 2. Nf3 d6 3. d4 cxd4 4. Nxd4 Nf6 5. Nc3 a6 6. Be3 e5 7. Nb3 Be6 8. h3
h5 9. f4 exf4 10. Bxf4 Nc6 11. Qe2 Qc7 12. O-O-O Be7 13. Kb1 Ne5 14. Nd4 O-O-O
15. Nf5 Ne8 16. Nd5 Bxd5 17. Nxe7+ Qxe7 18. exd5 Nc7 19. Qf2 Qf6 20. Qd2 Qf5
21. Bh2 Qe4 22. Qe2 Qxe2 23. Bxe2 Rde8 24. Rhf1 f6 25. Rd2 Kd7 26. a4 Ref8 27.
a5 h4 28. c4 Re8 29. Kc2 Rhf8 30. Rf4 g5 31. Rf5 Re7 32. b4 Ne8 33. c5 Ng7 34.
Rf1 f5 35. c6+ bxc6 36. dxc6+ Nxc6 37. Bxd6 Rxe2 38. Bxf8+ Rxd2+ 39. Kxd2 Ne6
40. Rxf5 Ncd4 41. Rd5+ Kc6 42. Rd6+ Kb5 43. Kd3 1-0

[Event "Skopje MKD"]
[Site "Skopje MKD"]
[Date "2014.04.01"]
[Round "5.42"]
[White "Arsovic, Zoran"]
[Black "Ilic, Zoran S"]
[Result "1/2-1/2"]
[WhiteElo "2450"]
[BlackElo "2297"]
[PlyCount "112"]
[EventDate "2014.03.29"]
[EventType "swiss"]
[EventRounds "9"]

1. Nf3 c5 2. c4 Nc6 3. Nc3 g6 4. e3 Nf6 5. d4 cxd4 6. exd4 d5 7. cxd5 Nxd5 8.
Qb3 Nxc3 9. Bc4 Nd5 10. Bxd5 e6 11. Bxc6+ bxc6 12. O-O f6 13. Be3 Qd5 14. Rfc1
Bd6 15. Nd2 Kf7 16. Rc3 Bd7 17. a3 Qxb3 18. Nxb3 Rab8 19. Na5 Bc7 20. Nxc6 Rxb2
21. Ne5+ Bxe5 22. dxe5 Rb7 23. exf6 e5 24. Rc5 Kxf6 25. Ra5 Ra8 26. h4 a6 27.
Rd1 Rb5 28. Rd6+ Kf5 29. Raxa6 Rxa6 30. Rxa6 Rb1+ 31. Kh2 Ke4 32. Rd6 Bb5 33.
Bg5 Kf5 34. Rf6+ Ke4 35. Rf7 Rb3 36. Rb7 h5 37. Be3 Bd3 38. a4 Kd5 39. a5 Ra3
40. Bb6 Ke6 41. Bd8 Ra2 42. Re7+ Kd6 43. Rf7 Ra4 44. Rf3 Bf5 45. Rb3 Kd7 46.
Rb8 Bd3 47. Bg5 Kc7 48. Rd8 Be4 49. Rd2 Kc6 50. Re2 Kd6 51. Rb2 Kd7 52. Rb8 Ra2
53. Rb6 Ra4 54. Bd8 Ra2 55. Kg3 Ra3+ 56. Kh2 Ra2 1/2-1/2

[Event "Skopje MKD"]
[Site "Skopje MKD"]
[Date "2014.04.01"]
[Round "5.43"]
[White "Videnova, Iva"]
[Black "Bogdanovski, Vlatko"]
[Result "1/2-1/2"]
[WhiteElo "2251"]
[BlackElo "2447"]
[PlyCount "93"]
[EventDate "2014.03.29"]
[EventType "swiss"]
[EventRounds "9"]

1. e4 c6 2. d4 d5 3. e5 Bf5 4. h4 h6 5. g4 Bd7 6. Nc3 e6 7. Be3 h5 8. gxh5 Nh6
9. Bg5 Qc7 10. Rh3 c5 11. Nb5 Bxb5 12. Bxb5+ Nc6 13. Kf1 cxd4 14. Qxd4 Nf5 15.
Qa4 Be7 16. Rc3 Rc8 17. Qxa7 Bxg5 18. Bxc6+ bxc6 19. Qxc7 Rxc7 20. hxg5 Rxh5
21. Nh3 Rb7 22. b3 Rb4 23. f4 d4 24. Rf3 Ne3+ 25. Ke2 Nd5 26. Kd2 c5 27. a3 Rb8
28. Nf2 Kd7 29. Rh1 Rxh1 30. Nxh1 Rh8 31. Nf2 Rh2 32. Ke1 Ne3 33. c3 Kc6 34. b4
Nd5 35. cxd4 cxb4 36. axb4 Nxb4 37. Rc3+ Kd7 38. Rc4 Nd5 39. Ra4 Nxf4 40. Ra7+
Ke8 41. Ra8+ Kd7 42. Ra7+ Ke8 43. Kf1 Rh4 44. Ne4 Ng6 45. Nd6+ Kf8 46. Ra8+ Ke7
47. Ra7+ 1/2-1/2

[Event "Skopje MKD"]
[Site "Skopje MKD"]
[Date "2014.04.01"]
[Round "5.44"]
[White "Abramovic, Bosko"]
[Black "Minko, Vladimir"]
[Result "1/2-1/2"]
[WhiteElo "2437"]
[BlackElo "2295"]
[PlyCount "92"]
[EventDate "2014.03.29"]
[EventType "swiss"]
[EventRounds "9"]

1. Nf3 Nf6 2. g3 b6 3. Bg2 Bb7 4. O-O e6 5. d3 d5 6. Nbd2 Nbd7 7. Re1 Bc5 8. e3
O-O 9. a3 a5 10. b3 Be7 11. Bb2 c5 12. c4 a4 13. bxa4 Bc6 14. cxd5 exd5 15. Nh4
g6 16. e4 dxe4 17. dxe4 Ne8 18. Nhf3 Ng7 19. Nc4 Bxa4 20. Qc1 Ne6 21. Ne3 Bf6
22. Nd5 Bxb2 23. Qxb2 Nc7 24. h4 Nxd5 25. exd5 Qf6 26. Qd2 Rfe8 27. Ng5 Qd4 28.
Qxd4 cxd4 29. d6 Rxe1+ 30. Rxe1 Rc8 31. Re4 h6 32. Nf3 Rc3 33. Nxd4 Rxa3 34.
Re8+ Kg7 35. Ra8 Nc5 36. Bd5 b5 37. Ra7 Rd3 38. Rxf7+ Kh8 39. Rf8+ Kg7 40. Rf7+
Kh8 41. Rc7 Rxd4 42. Rxc5 b4 43. f4 b3 44. Rc8+ Kg7 45. Rc7+ Kh8 46. Rc8+ Kg7
1/2-1/2